| Поле | Инд. | ПП | Название | Значение |
|---|---|---|---|---|
| Тип записи | a | |||
| Библиографический уровень | m | |||
| 001 | Контрольный номер | 004591749 | ||
| 005 | Дата корректировки | 20150513113610.2 | ||
| 008 | Кодируемые данные | 100304s2010 y zzzz 000 1 rusdu | ||
| 020 | a | ISBN | 978-5-8114-0982-2 | |
| 040 | a | Служба первич. каталог. | НБ ТвГУ | |
| d | Организация, изменившая запись | RuMo | ||
| e | Правила каталог. | rcr | ||
| 041 | a | Код языка текста | rus | |
| 080 | a | Индекс УДК | 530.145(075.8) | |
| 084 | a | Индекс другой классификации/Индекс ББК | В314я73-1 | |
| 090 | a | Полочн. индекс | В314 | |
| x | Авторский знак | П 18 | ||
| 100 | 1_ | a | Автор | Паршаков Александр Николаевич |
| q | Полное имя | Паршаков А. Н. | ||
| 245 | a | Заглавие | Введение в квантовую физику | |
| b | Продолж. заглавия | учебное пособие для студентов вузов, обучающихся по техническим направлениям подготовки и специальностям | ||
| 260 | a | Место издания | Санкт-Петербург [и др.] | |
| b | Издательство | Лань | ||
| c | Дата издания | 2010 | ||
| 300 | a | Объем | 351 с. | |
| b | Иллюстрации/ тип воспроизводства | ил., табл. | ||
| c | Размеры | 21 см | ||
| 440 | a | Серия | Учебники для вузов | |
| 440 | _0 | a | Серия | Специальная литература |
| 504 | a | Библиография | Библиогр.: с. 349 (10 назв.) | |
| 520 | a | Аннотация | В пособии рассмотрены основные проблемы классической физики, решение которых привело к созданию современной квантовой физики. Изложены основные принципы и аппарат квантовой механики, физики твердого тела, рассмотрены макроскопические проявления квантовых законов проводимости твердых тел и их применение в электронной и измерительной технике. К каждой рассматриваемой теме прилагаются как чисто учебные задачи, так и задачи повышенного уровня сложности. Задачи тесно связаны с основным текстом и часто являются его развитием и дополнением. | |
| П | редназначено для студентов технических специальностей технических вузов, а также для преподавателей общей физики. | |||
| 653 | a | Ключевые слова | Квантовая механика | |
| a | Ключевые слова | Квантовая теория | ||
| a | Ключевые слова | Квантовая физика | ||
| a | Ключевые слова | Теоретическая физика | ||
| a | Ключевые слова | Учебники для вузов | ||
| a | Ключевые слова | Физика | ||
| 910 | a | гриф есть** | ||
| 920 | a | Оператор | Стру | |
| 930 | a | Новая/Ретро | учебники | |
| 952 | c | Вид литературы | К ру | |
| 954 | a | Дата поступления на обработку | 20101005 |